| 000 | 00451nam a2200133Ia 4500 | ||
|---|---|---|---|
| 008 | 230917s9999||||xx |||||||||||||| ||und|| | ||
| 040 |
_e91775 _aMAIN |
||
| 041 | _aEnglish | ||
| 082 | _a370.153 V459C | ||
| 100 | _aVatsa, Gargi | ||
| 245 | 0 | _aComparative survey of study habits and study skills of learners of conventional and distance learning system of higher education and its effect on their academic achievements | |
| 300 | _a50 p. | ||
| 942 | _cTH | ||
| 999 |
_c87023 _d87023 |
||